00551 2200193 4500001002100000005001500021035002000036007000300056008004100059020001900100082001000119084001700129100001500146245008500161260004400246300003500290650001800325990001400343INLIS00000000000245720250730115710 a0010-0725000563ta250730 j 0 ind  a0-08160-1905-3 a658.3 a658.3 TIM s0 aTimpe Dale1 aSeri Manajemen Sumber Daya Manusia, Produktivitas ( Productivity ) /cDale Timpe aJakarta :bAlex Media Komputindo,c1992 av, 442 hlm :bilus. ;c23,7 cm 4aProduktifitas aBUN025707